小田急線行先クイズ - Statistics

General Stats
  • This quiz has been taken 45 times
  • The average score is 21 of 25
Answer Stats
Hint Answer % Correct
小田原線 新宿
97%
小田原
97%
箱根登山線 箱根湯本
92%
町田
89%
本厚木
89%
片瀬江ノ島
89%
多摩線 唐木田
89%
新百合ヶ丘
87%
海老名
87%
藤沢
87%
綾瀬
87%
成城学園前
84%
相模大野
84%
新松田
84%
千代田線 北千住
84%
経堂
82%
向ヶ丘遊園
82%
秦野
82%
北綾瀬
82%
伊勢原
79%
我孫子
79%
取手
79%
江ノ島線 大和
74%
JR線
71%
御殿場
53%
No matching quizzes found
Score Distribution
Percent of People with Each Score
Percentile by Number Answered
Your Score History
You have not taken this quiz